| 000 | 00767nam a2200313Ia 4500 | ||
|---|---|---|---|
| 008 | 160803s9999 xx 000 0 und d | ||
| 020 | _a9780375861123 | ||
| 100 | _aRoy, Ron | ||
| 245 | _aJune Jam / | ||
| 245 | _cby Ron Roy ; illustrated by John Steven Gurney. | ||
| 260 | _aNew York : | ||
| 260 | _bScholastic Inc. | ||
| 260 | _c2011 | ||
| 300 | _a68 pages : | ||
| 300 | _billustrations, map ; | ||
| 300 | _c20 cm. | ||
| 500 | _a"A Stepping Stone Book." | ||
| 650 | _aBrothers and sisters -- | ||
| 650 | _aCousins -- | ||
| 650 | _aFather's Day -- | ||
| 650 | _aGardens -- | ||
| 650 | _aTwins -- | ||
| 650 | _xFiction. | ||
| 650 | _xFiction. | ||
| 650 | _xFiction. | ||
| 650 | _xFiction. | ||
| 650 | _xFiction. | ||
| 700 | _a490 | ||
| 999 |
_c299589 _d299589 |
||